Core Java 2 / (Record no. 52074)

MARC details
000 -LEADER
fixed length control field 01099cam a2200301 a 4500
001 - CONTROL NUMBER
control field 12379211
005 - DATE AND TIME OF LATEST TRANSACTION
control field 20180206162851.0
008 - FIXED-LENGTH DATA ELEMENTS--GENERAL INFORMATION
fixed length control field 010413m20002002njua 001 0 eng
010 ## - LIBRARY OF CONGRESS CONTROL NUMBER
LC control number 2001265109
020 ## - INTERNATIONAL STANDARD BOOK NUMBER
International Standard Book Number 0130894680 (v. 1 : pbk.)
020 ## - INTERNATIONAL STANDARD BOOK NUMBER
International Standard Book Number 0130927384 (v. 2 : pbk.)
040 ## - CATALOGING SOURCE
Original cataloging agency DLC
Transcribing agency DLC
Modifying agency DLC
050 00 - LIBRARY OF CONGRESS CALL NUMBER
Classification number QA76.73.J38
Item number H67 2002
082 00 - DEWEY DECIMAL CLASSIFICATION NUMBER
Classification number 005.13/3
Edition number 21
100 1# - MAIN ENTRY--PERSONAL NAME
Personal name Horstmann, Cay S.,
Dates associated with a name 1959-
245 10 - TITLE STATEMENT
Title Core Java 2 /
Statement of responsibility, etc Cay S. Horstmann, Gary Cornell.
250 ## - EDITION STATEMENT
Edition statement [5th ed.].
260 ## - PUBLICATION, DISTRIBUTION, ETC. (IMPRINT)
Place of publication, distribution, etc Upper Saddle River, NJ :
Name of publisher, distributor, etc Sun Microsystems Press,
Date of publication, distribution, etc c2000-c2002.
300 ## - PHYSICAL DESCRIPTION
Extent 2 v. :
Other physical details ill. ;
Dimensions 24 cm. +
Accompanying material 2 computer optical disc (4 3/4 in.).
440 #4 - SERIES STATEMENT/ADDED ENTRY--TITLE
Title The Sun Microsystems Press Java series
500 ## - GENERAL NOTE
General note Includes indexes.
505 1# - FORMATTED CONTENTS NOTE
Formatted contents note Vol. 1. Fundamentals -- vol. 2. Advanced features.
650 #0 - SUBJECT ADDED ENTRY--TOPICAL TERM
Topical term or geographic name as entry element Java (Computer program language)
700 1# - ADDED ENTRY--PERSONAL NAME
Personal name Cornell, Gary.
906 ## - LOCAL DATA ELEMENT F, LDF (RLIN)
a 7
b cbc
c origcop
d 2
e ncip
f 20
g y-gencatlg
942 ## - ADDED ENTRY ELEMENTS (KOHA)
Source of classification or shelving scheme Library of Congress Classification
Item type Book
Holdings
Withdrawn status Lost status Source of classification or shelving scheme Damaged status Not for loan Collection code Home library Current library Shelving location Date acquired Source of acquisition Cost, normal purchase price Full call number Barcode Copy number Price effective from Koha item type
    Library of Congress Classification     Non-fiction Bishop Okullu Memorial Library (Limuru Campus) Bishop Okullu Memorial Library (Limuru Campus) General Circulation 06/02/2018 Donation-BFA 1931.00 QA76.73.J38 H67 2002 057476 1 06/02/2018 Book